Poradenské listy pro výrobkové manažery a vedoucí marketingu.
Význam trhovej penetrácie ako stratégie rastu. Euromarketing. Elektronické spracovanie dát. Sponzoring. Marketing v oblasti high-tech.
Gespeichert in:
| Format: | Buchkapitel |
|---|---|
| Sprache: | Tschechisch |
| Schlagworte: | |
| Tags: |
Keine Tags, Fügen Sie das erste Tag hinzu!
|
MARC
| LEADER | 00000naa a2200000 4500 | ||
|---|---|---|---|
| 001 | r011627 | ||
| 005 | 20220826094838.6 | ||
| 041 | 0 | |a cze | |
| 044 | |a [CS] | ||
| 245 | 1 | 0 | |a Poradenské listy pro výrobkové manažery a vedoucí marketingu. |
| 520 | |a Význam trhovej penetrácie ako stratégie rastu. Euromarketing. Elektronické spracovanie dát. Sponzoring. Marketing v oblasti high-tech. | ||
| 610 | 2 | 0 | |a marketing |
| 610 | 2 | 0 | |a manažéri |
| 610 | 2 | 0 | |a inovácia |
| 610 | 2 | 0 | |a poradenstvo |
| 610 | 2 | 0 | |a podnik |
| 610 | 2 | 0 | |a výrobky nové |
| 610 | 2 | 0 | |a trh vnútorný |
| 610 | 2 | 0 | |a konkurencia |
| 610 | 2 | 0 | |a Európske spoločenstvá |
| 610 | 2 | 0 | |a využitie počítačov |
| 610 | 2 | 0 | |a technológie nové |
| 610 | 2 | 0 | |a kvalita výrobkov |
| 610 | 2 | 0 | |a Európske spoločenstvo vedúcich |
| 610 | 2 | 0 | |a sponzorovanie |